| 000 | 00607nam a2200193Ia 4500 | ||
|---|---|---|---|
| 003 | IN-BaIIA | ||
| 008 | 211028s9999 xx 000 0 eng d | ||
| 020 | _a1-4020-1403-1 | ||
| 040 | _cIIA Library | ||
| 080 |
_a52(082.1) _bASS-291 |
||
| 100 |
_aColey, A. A _929578 |
||
| 245 | 0 |
_aDynamical systems and cosmology _cA. A. Coley |
|
| 260 |
_aDordrecht _bKluwer Academic _c2003 |
||
| 300 | _aviii, 190p. | ||
| 490 | _aAstrophysics and space science library; v. 291 | ||
| 650 | _aCosmology | ||
| 650 |
_aDifferential dynamical systems _929579 |
||
| 942 | _cBK | ||
| 999 |
_c15996 _d15996 |
||